000 00306nam a2200145Ia 4500
100 _aECA
942 _cBK
654 _aELECTRONICS
245 _aThe Japanese Transistor Data manual
260 _bBPB Pub
_aNew Delhi
_c1992
082 _a621.3815281
300 _a412
546 _aENGLISH
999 _c23996
_d23996